[Event "Medellin Sub zt 2.3.2"]
[Site "Medellin"]
[Date "2025.04.16"]
[Round "5"]
[White "Tirado Veliz, Henry Jose"]
[Black "Rivera Valentin, Christian Z"]
[Result "1-0"]
[WhiteElo "2008"]
[BlackElo "1829"]
[PlyCount "75"]
[EventDate "2025.04.14"]
[EventType "swiss"]
[EventRounds "9"]
[EventCountry "COL"]
[SourceTitle "CB18_2025"]
[SourceDate "2025.04.30"]
[SourceVersion "1"]
[SourceVersionDate "2025.04.30"]
[SourceQuality "1"]

1. e4 d6 2. d4 Nf6 3. Nc3 e5 4. Nge2 Be7 5. g3 0-0 6. Bg2 c6 7. a4 a5 8. 0-0 Na6 9. h3 Nb4 10. Be3 d5 11. dxe5 Nxe4 12. Nxe4 dxe4 13. c3 Qxd1 14. Raxd1 Nd5 15. Bc1 Nb6 16. g4 Nxa4 17. Bxe4 Nb6 18. Nd4 Nc4 19. f4 a4 20. Bd3 Na5 21. Be3 b5 22. f5 Bc5 23. Bf2 Ba6 24. Kh2 Bxd4 25. Bxd4 Nb3 26. Bb6 Rfe8 27. Rfe1 Re7 28. f6 Rb7 29. Bf2 Rc7 30. Bg3 Nc5 31. e6 Rcc8 32. exf7+ Kxf7 33. Bf5 Re8 34. fxg7 Kxg7 35. Bd6 Nb3 36. Be5+ Kg8 37. Rd7 Rf8 38. Bxh7# 1-0

[Event "Medellin Sub zt 2.3.2"]
[Site "Medellin"]
[Date "2025.04.15"]
[Round "3"]
[White "Schettini Acuna, Massimo Matteo"]
[Black "Rivera Valentin, Christian Z"]
[Result "0-1"]
[WhiteElo "1607"]
[BlackElo "1829"]
[PlyCount "84"]
[EventDate "2025.04.14"]
[EventType "swiss"]
[EventRounds "9"]
[EventCountry "COL"]
[SourceTitle "CB18_2025"]
[SourceDate "2025.04.30"]
[SourceVersion "1"]
[SourceVersionDate "2025.04.30"]
[SourceQuality "1"]

1. e4 d6 2. d4 Nf6 3. Nc3 e5 4. Nge2 Be7 5. f3 0-0 6. Be3 exd4 7. Nxd4 d5 8. exd5 Bb4 9. Bg5 Qd6 10. Bxf6 Bxc3+ 11. bxc3 Qxf6 12. Bd3 Re8+ 13. Kf2 Qh4+ 14. g3 Qh6 15. Be4 Nd7 16. Qc1 Qb6 17. Re1 Nf6 18. Kg2 Qc5 19. Qd2 Bd7 20. Nb3 Qd6 21. Rad1 Nxe4 22. Rxe4 Rxe4 23. fxe4 Bg4 24. Re1 Qf6 25. Rf1 Qg6 26. Qf4 Re8 27. Re1 Qh5 28. h4 h6 29. Nd4 g5 30. Qf6 gxh4 31. gxh4 Kh7 32. Kh2 Rg8 33. Rg1 Rg7 34. e5 Kg8 35. e6 Qxd5 36. e7 Qd7 37. Re1 Be6 38. Rg1 Qd6+ 39. Kh1 Bd5+ 40. Nf3 Rxg1+ 41. Kxg1 Qg3+ 42. Kf1 Bc4# 0-1

[Event "Medellin Sub zt 2.3.2"]
[Site "Medellin"]
[Date "2025.04.14"]
[Round "2"]
[White "Rivera Valentin, Christian Z"]
[Black "Apostol Gonzalez, Daniel"]
[Result "0-1"]
[WhiteElo "1829"]
[BlackElo "1560"]
[PlyCount "52"]
[EventDate "2025.04.14"]
[EventType "swiss"]
[EventRounds "9"]
[EventCountry "COL"]
[SourceTitle "CB18_2025"]
[SourceDate "2025.04.30"]
[SourceVersion "1"]
[SourceVersionDate "2025.04.30"]
[SourceQuality "1"]

1. d4 Nf6 2. c4 g6 3. Nc3 Bg7 4. Nf3 0-0 5. Bf4 d6 6. e3 Nbd7 7. h3 e5 8. dxe5 Nh5 9. exd6 Nxf4 10. exf4 Re8+ 11. Be2 cxd6 12. Rc1 Qb6 13. Qd2 Nc5 14. Nd5 Qxb2 15. Qxb2 Bxb2 16. Rb1 Bg7 17. Nc7 Bf5 18. Rd1 Bd3 19. Ng1 Bc2 20. Rxd6 Red8 21. Rxd8+ Rxd8 22. Nd5 Be4 23. Ne3 Bh6 24. Nf3 Bxf4 25. 0-0 Bxf3 26. Bxf3 Rd2 0-1

[Event "Bayamon Barbosa op"]
[Site "Bayamon"]
[Date "2024.07.26"]
[Round "6"]
[White "Rivera Valentin, Christian Z"]
[Black "Melendez Padilla, Isabelo"]
[Result "0-1"]
[WhiteElo "1665"]
[BlackElo "1888"]
[PlyCount "56"]
[EventDate "2024.07.22"]
[EventType "swiss"]
[EventRounds "7"]
[EventCountry "PUR"]
[SourceTitle "EXT 2025"]
[Source "ChessBase"]
[SourceDate "2024.10.14"]
[SourceVersion "1"]
[SourceVersionDate "2024.10.14"]
[SourceQuality "1"]

1. d4 Nf6 2. c4 c5 3. d5 e6 4. Nc3 exd5 5. cxd5 d6 6. Nf3 g6 7. h3 Bg7 8. Bf4 a6 9. a4 0-0 10. Qd2 Re8 11. e3 Nh5 12. Bh2 f5 13. Bd3 Qe7 14. 0-0 Nd7 15. e4 f4 16. Bxf4 Nxf4 17. Qxf4 Rf8 18. Qe3 Ne5 19. Nxe5 Bxe5 20. Kh1 Bf4 21. Qe1 Qh4 22. f3 Bg3 23. Qe2 Be5 24. f4 Rxf4 25. Rxf4 Qxf4 26. g4 Qg3 27. a5 Qxh3+ 28. Kg1 Bd4+ 0-1

[Event "PUR-ch"]
[Site "San Juan"]
[Date "2023.08.25"]
[Round "1"]
[White "Rivera Valentin, Christian Z"]
[Black "Zilleruelo Irizarry, Diego"]
[Result "0-1"]
[WhiteElo "1472"]
[BlackElo "2121"]
[PlyCount "40"]
[EventDate "2023.08.25"]
[EventType "swiss"]
[EventRounds "9"]
[EventCountry "PUR"]
[SourceTitle "CBM 216 Extra"]
[Source "ChessBase"]
[SourceDate "2023.11.30"]
[SourceVersion "1"]
[SourceVersionDate "2023.11.30"]
[SourceQuality "1"]

1. d4 Nf6 2. c4 g6 3. Nc3 d5 4. cxd5 Nxd5 5. e4 Nxc3 6. bxc3 Bg7 7. Bf4 0-0 8. Ne2 c5 9. Qd2 Nc6 10. Rd1 Qa5 11. g3 Bg4 12. Bg2 Bxe2 13. Kxe2 cxd4 14. cxd4 Nxd4+ 15. Kf1 Qa6+ 16. Kg1 Ne2+ 17. Kf1 Nxf4+ 18. Kg1 Rad8 19. Qxd8 Ne2+ 20. Kf1 Nd4+ 0-1